| 000 | 00673nam a2200253Ia 4500 | ||
|---|---|---|---|
| 005 | 20250425162003.0 | ||
| 008 | 250425s9999 xx 000 0 und d | ||
| 020 | _a200032518X | ||
| 041 | _aspa | ||
| 082 | _a595.3843 | ||
| 100 | _aSOLUAP, ENER | ||
| 245 | 0 | _aINTRODUCCION A LAS PATOLOGIAS DE CAMARONES PENAEUS EN CAUTIVERIO | |
| 250 | _a1A ED. | ||
| 260 |
_aEcuador _bENER SOLUAP _c2000 |
||
| 260 | _aGUAYAQUIL | ||
| 300 | _a244 | ||
| 500 | _aD-76370 ES LIBRO EXISTE EN CIB-FIMCBOR | ||
| 650 | _aCABEZA AMARILLA-VIRUS | ||
| 650 | _aCAMARON PENAEUS VANNAMEI | ||
| 650 | _aPATOLOGIA | ||
| 700 | _aBAHAMONDE, RENE PAULOS | ||
| 942 | _c01 | ||
| 010 | _a38796 | ||
| 999 |
_c220151 _d220151 |
||